000 01241naa a22003017a 4500
001 BR9404521
003 BR-BrBNA
005 20240918181228.0
007 ta
008 230509b bl.||||| |||| 00| 0 por d
040 _aBR-BrBNA
_bpor
_cBiblioteca Nacional de Agricultura
041 _a(Pt)
072 _aF08
_b2480
_b2110
_b0312
090 _aF08 BR9404521
100 1 _aGomes, A.R.S.
111 1 _a2. Encontro Brasileiro de Economia e Planejamento Florestal
_cCuritiba, PR (Brazil)
_d30 Sep - 4 Oct 1991
245 1 _aSistemas agrossilviculturais do Sudoeste da Bahia
260 3 _aColombo, PR (Brasil):
_c1992.
500 _a2. Encontro Brasileiro de Economia e Planejamento Florestal. Anais. V. 1: Sistemas agroflorestais no Brasil: aspectos tecnicos e economicos Colombo, PR (Brasil): 1992. p. 109-122 (BR9404521-AM)F08
650 _aSeringueira
650 _aCacau
650 _aDende
650 _aConsorciacao de Cultura
650 _aBahia
773 0 _t2. Encontro Brasileiro de Economia e Planejamento Florestal. Anais. V. 1: Sistemas agroflorestais no Brasil: aspectos tecnicos e economicos
_wF08 BR9404521
_gColombo, PR (Brasil), 1992. p. 109-122
909 _a202404
_bLucia
_c55
_dLucia Elande
942 _cAM
_2AGRIS
999 _c324234
_d324234